00778nam a2200193 a 450000100100000000500170001000800410002704000250006808200150009310000410010824500630014926000540021230000210026659000750028765000220036291000370038495201460042199900170056700003472120240510073817.0111019s1957 ag 000 0 spa d aDO-SdBNPbspacBNPHU a100bP769p1 aPolitzer, Georges,d1903-194296018010aPrincipios elementales de filosofía /cGeorges Politzer. aBuenos Aires, Argentina :bEdiciones Inca,c1957. a176 p. ;c21 cm. aPerteneció a la biblioteca personal de Juan Isidro Jimenes Grullón 0aFilosofía 9813 aValidado. Control de calidad MFF 001050718RVaGRbGRcHDd2011-10-19iLF1l0o100 P769pp34721-10r2020-06-25w2020-06-25y1zJuan Isidro Jiménes GrullónZNo se presta c34212d34212